| 000 | 01064nas a2200337 4500 | ||
|---|---|---|---|
| 001 | BR9803410 | ||
| 003 | BR-BrBNA | ||
| 005 | 20231205100818.0 | ||
| 007 | ta | ||
| 008 | 230509b bl.|||p| |||| 00| 00por d | ||
| 040 |
_aBR-BrBNA _bpor _cBiblioteca Nacional de Agricultura |
||
| 041 | _a(Pt) | ||
| 072 | _aF62 | ||
| 100 | 1 | _aKalil, G.P. da C. | |
| 100 | 1 | _aRodrigues, D.S. | |
| 100 | 1 | _aMartins Filho, C.A. | |
| 100 | 1 | _aCarvalho, A. de | |
| 100 | 1 | _aMinami, K. | |
| 100 | 1 | _aKalil Filho, A.N. | |
| 245 | 1 | _aEfeito do acido indolbutirico, substratos e idade de ramos no enraizamento de alporques de urucum (Bixa orellana L.) | |
| 650 | _aEnraizamento | ||
| 650 | _aMergulhia | ||
| 650 | _aUrucum | ||
| 650 | _aSubstrato de Cultura | ||
| 650 | _aAcido Indolbutirico | ||
| 650 | _aVermiculita | ||
| 650 | _aAmazonia | ||
| 773 | 0 |
_tRevista da Universidade do Amazonas. Serie Ciencias Agrarias (Brazil) _xISSN 0103-7463 _g(Jan-Dec 1995-1996), v. 4-5(1-2) p. 1-11 _wBR9803410 |
|
| 909 |
_a202311 _bLúcia _c55 _dLúcia Elande |
||
| 942 |
_2AGRIS _n0 _cANA |
||
| 999 |
_c158228 _d158228 |
||